/Aforizmy./

Bibliographic Details
Main Author: Čejka, Karel, 1935-2000 (Author)
Format: Article
Language:Slovak
Subjects:

MARC

LEADER 00000nab a2200000 a 4500
001 vtls000147319
003 SK-MaSNL
005 20260303025503.0
008 160201c1983 xo 0 slo
015 |a SNBRB19rr/mm-uuuuu 
035 |a CL0157426 
040 |a SNKBUCL  |b slo  |c SNKBUCL  |e AACR2 
041 0 |a slo 
044 |a xo  |c SK 
080 |a 885.0-84  |2 1981 
100 1 |a Čejka, Karel,  |d 1935-2000  |4 aut  |9 6647 
245 1 0 |a /Aforizmy./  |c Karel Čejka 
500 |a Cyklus obsahuje aforizmy s názvami Hrniec a Reproduktor. V rubrike Noví autori na pokusnej vlne. 
650 0 7 |a aforizmy  |2 snkbucl  |9 75179 
655 7 |a články z novín a časopisov  |2 snkbucl  |9 267496 
655 7 |a články z odboru literárna veda a krásna literatúra  |2 snkbucl  |9 770045 
773 0 |t Roháč  |g Roč. 36, č. 7 (1983), s. 15 
850 |a Slovenská národná knižnica v Martine  |a MTA001 
852 |a SNK  |b KIS3GCP 
958 |a RK 
958 |a CZ 
958 |a LX 
958 |a SK 
992 |a RBX 
999 |c 1646621  |d 1648551